000 00272nam a2200109Ia 4500
008 200302s9999 xx 000 0 und d
100 _aS. R. Karve
245 _aHandbook of Reinforced Concrete Design
260 _bStructures Publishers
260 _c1997
300 _a424 P.,
999 _c1061
_d1061